STEEL designers’ manual the Steel Construction Institute
Spremljeno u:
| Format: | Knjiga |
|---|---|
| Jezik: | engleski |
| Izdano: |
Wiley-Blackwell
2012
|
| Oznake: |
Dodaj oznaku
Bez oznaka, Budi prvi tko označuje ovaj zapis!
|
MARC
| LEADER | 00000nam a22000007a 4500 | ||
|---|---|---|---|
| 008 | 210426b ||||| |||| 00| 0 eng d | ||
| 020 | |a 978-1-4051-8940-8 | ||
| 245 | |a STEEL designers’ manual |b the Steel Construction Institute |g xxviii, 1369p.; ill | ||
| 250 | |b 7th ed |c Buick Davison, Graham W.Owens | ||
| 260 | |b Wiley-Blackwell |c 2012 |h West Sussex, UK |i 691616 |i 691617 |l TA685 St3 |m Building, iron and steel - Handbooks, manual, etc. |m Steel, structural - Handbooks, manual, etc. | ||
| 500 | |a “It includes bibliographical references and index”. | ||
| 942 | |a lcc |c BK |e Ogunmilade, F.T. |f 26/04/2021 | ||
| 952 | |0 0 |1 0 |2 lcc |4 0 |6 TA0685 S T3 |7 0 |9 2295 |a HOL |b HOL |c QZ |d 2021-04-26 |l 0 |o TA685 .St3 |p 2021-6149 |r 2021-04-26 00:00:00 |w 2021-04-26 |y BK | ||
| 952 | |0 0 |1 0 |2 lcc |4 0 |6 TA0685 S T3 |7 0 |9 2296 |a HOL |b TL |c QZ |d 2021-04-26 |l 0 |o TA685 .St3 |p 2021-6150 |r 2021-04-26 00:00:00 |w 2021-04-26 |y BK | ||
| 999 | |c 1181 |d 1181 | ||